000 00454nam a22001097a 4500
082 _a160
100 _aसिंह,डॉ. सरदार
_982122
245 _aसामान्‍य बुद्धि एवं तर्कशक्ति परीक्षा ( General Intelligence & Test of Reasoning )
260 _aआगरा
_bप्रतियोगिता साहित्‍य
_c2023
650 _aReasoning
942 _cC. BOOKS
999 _c66472
_d66472